Japanese Hiragana Quiz - Statistics

General Stats
  • This quiz has been taken 204 times
  • The average score is 13 of 15
Answer Stats
Question Answer % Correct
U
94%
E
93%
A
93%
So
92%
Ya
90%
Gu
89%
Sa
87%
Ji
87%
Hi
82%
Mi
82%
Ke
81%
Nu
79%
Ro
73%
Wa
73%
Bu
58%
No matching quizzes found
Score Distribution
Percent of People with Each Score
Percentile by Number Answered
Your Score History
You have not taken this quiz